Architect's data (Record no. 100743)

MARC details
000 -LEADER
fixed length control field 02286cam a2200685 4500
008 - FIXED-LENGTH DATA ELEMENTS--GENERAL INFORMATION
fixed length control field 000000n2000 000 0 eng u
020 ## - INTERNATIONAL STANDARD BOOK NUMBER
International Standard Book Number 0632037768
035 ## - SYSTEM CONTROL NUMBER
System control number (Sirsi) u107975
050 ## - LIBRARY OF CONGRESS CALL NUMBER
Classification number 721.0212
-- 18
100 ## - MAIN ENTRY--PERSONAL NAME
Personal name Neufert, Ernst
245 ## - TITLE STATEMENT
Title Architect's data
250 ## - EDITION STATEMENT
Edition statement 3rd ed.
260 ## - PUBLICATION, DISTRIBUTION, ETC.
Place of publication, distribution, etc. Oxford
Name of publisher, distributor, etc. Blackwell Science
Date of publication, distribution, etc. 2000
300 ## - PHYSICAL DESCRIPTION
Extent ix, 636p.
Other physical details ill.
Dimensions 30cm.
350 ## - PRICE (NR) (BK AM CF MU VM SE) [OBSOLETE]
Price 69.50
505 ## - FORMATTED CONTENTS NOTE
Formatted contents note Draughting guidelines
505 ## - FORMATTED CONTENTS NOTE
Formatted contents note Measurement basis
505 ## - FORMATTED CONTENTS NOTE
Formatted contents note Design
505 ## - FORMATTED CONTENTS NOTE
Formatted contents note Construction management
505 ## - FORMATTED CONTENTS NOTE
Formatted contents note Building components
505 ## - FORMATTED CONTENTS NOTE
Formatted contents note Heating and ventilation
505 ## - FORMATTED CONTENTS NOTE
Formatted contents note Thermal and sound insulation
505 ## - FORMATTED CONTENTS NOTE
Formatted contents note Fire protection and means of escape
505 ## - FORMATTED CONTENTS NOTE
Formatted contents note Lightning protection and ariels
505 ## - FORMATTED CONTENTS NOTE
Formatted contents note Artificial lighting and daylight
505 ## - FORMATTED CONTENTS NOTE
Formatted contents note Windows and doors
505 ## - FORMATTED CONTENTS NOTE
Formatted contents note Stairs, escalators and lifts
505 ## - FORMATTED CONTENTS NOTE
Formatted contents note Refurbishment, maintenance and change of use
505 ## - FORMATTED CONTENTS NOTE
Formatted contents note Roads and streets
505 ## - FORMATTED CONTENTS NOTE
Formatted contents note Gardens
505 ## - FORMATTED CONTENTS NOTE
Formatted contents note Houses and residential buildings
505 ## - FORMATTED CONTENTS NOTE
Formatted contents note Education and research facilities
505 ## - FORMATTED CONTENTS NOTE
Formatted contents note Office buildings
505 ## - FORMATTED CONTENTS NOTE
Formatted contents note Arcades
505 ## - FORMATTED CONTENTS NOTE
Formatted contents note Retail outlets
505 ## - FORMATTED CONTENTS NOTE
Formatted contents note Workshops and industrial buildings
505 ## - FORMATTED CONTENTS NOTE
Formatted contents note Agricultural buildings
505 ## - FORMATTED CONTENTS NOTE
Formatted contents note Public transport
505 ## - FORMATTED CONTENTS NOTE
Formatted contents note Designing for vehicles
505 ## - FORMATTED CONTENTS NOTE
Formatted contents note Airports
505 ## - FORMATTED CONTENTS NOTE
Formatted contents note Fire stations
505 ## - FORMATTED CONTENTS NOTE
Formatted contents note Restaurants
505 ## - FORMATTED CONTENTS NOTE
Formatted contents note Hotels/motels
505 ## - FORMATTED CONTENTS NOTE
Formatted contents note Zoos and aquariums
505 ## - FORMATTED CONTENTS NOTE
Formatted contents note Theatres/cinemas
505 ## - FORMATTED CONTENTS NOTE
Formatted contents note Sport and recreation
505 ## - FORMATTED CONTENTS NOTE
Formatted contents note Healthcare buildings
505 ## - FORMATTED CONTENTS NOTE
Formatted contents note Places of worship
505 ## - FORMATTED CONTENTS NOTE
Formatted contents note Cemeteries and crematoria
520 ## - SUMMARY, ETC.
Summary, etc. Third edition of this reference work which provides data for spatial requirements, planning criteria and considerations of function and siting. Each chapter is ilustrated with examples of model layouts and tables of data. Includes an extensive bibliography, details of related standards and conversion tables.
650 ## - SUBJECT ADDED ENTRY--TOPICAL TERM
Topical term or geographic name entry element SPATIAL DATA
650 ## - SUBJECT ADDED ENTRY--TOPICAL TERM
Topical term or geographic name entry element DESIGN DATA
650 ## - SUBJECT ADDED ENTRY--TOPICAL TERM
Topical term or geographic name entry element ERGONOMICS
650 ## - SUBJECT ADDED ENTRY--TOPICAL TERM
Topical term or geographic name entry element SPACE PLANNING
690 ## - LOCAL SUBJECT ADDED ENTRY--TOPICAL TERM (OCLC, RLIN)
Topical term or geographic name as entry element BUILT ENVIRONMENT
700 ## - ADDED ENTRY--PERSONAL NAME
Personal name Neufert, Peter
700 ## - ADDED ENTRY--PERSONAL NAME
Personal name Baiche, Bousmaha
International Standard Serial Number Editor
700 ## - ADDED ENTRY--PERSONAL NAME
Personal name Walliman, Nicholas
International Standard Serial Number Editor
942 ## - ADDED ENTRY ELEMENTS (KOHA)
Suppress in OPAC 0
Holdings
Withdrawn status Lost status Source of classification or shelving scheme Damaged status Not for loan Home library Current library Shelving location Date acquired Cost, normal purchase price Total Checkouts Full call number Barcode Date last seen Date last checked out Copy number Cost, replacement price Price effective from Koha item type
    Dewey Decimal Classification     London London Folio 24/08/2000 69.50 20 F721.0212 NEU 30061852 06/08/2019 10/11/2008 1 69.50 06/08/2019 Book